banner koha

Selectivity of chlorimuron-ethyl to castorbean crops (Registro n. 259731)

MARC details
000 -LÍDER
campo de controle de tamanho fixo 00974nas a2200337 4500
001 - NÚMERO DE CONTROLE
campo de controle BR2022000985
003 - IDENTIFICADOR DO NÚMERO DE CONTROLE
campo de controle BR-BrBNA
005 - DATA E HORÁRIO DA ÚLTIMA TRANSAÇÃO
campo de controle 20231205132328.0
007 - CAMPO FIXO DE DESCRIÇÃO FÍSICA--INFORMAÇÃO GERAL
campo de controle de tamanho fixo ta
008 - CAMPO DE DADOS FIXOS--INFORMAÇÃO GERAL
campo de controle de tamanho fixo 230509b bl.|||p| |||| 00| 00por d
040 ## - FONTE DA CATALOGAÇÃO
Instituição da catalogação original BR-BrBNA
Idioma da catalogação por
Instituição que transcreveu o registro Biblioteca Nacional de Agricultura
041 ## - CÓDIGO DE IDIOMA
Código do idioma do texto/trilha sonora ou título diferente (En)
072 ## - CÓDIGO DE CATEGORIA DE ASSUNTO
Código de Categoria de Assunto H60
100 1# - ENTRADA PRINCIPAL--NOME PESSOAL
Nome pessoal Maciel, C.D.G.
100 1# - ENTRADA PRINCIPAL--NOME PESSOAL
Nome pessoal Lustosa, S.B.C.
100 1# - ENTRADA PRINCIPAL--NOME PESSOAL
Nome pessoal Helvig, E.O.
100 1# - ENTRADA PRINCIPAL--NOME PESSOAL
Nome pessoal Costa, A.G.F.
100 1# - ENTRADA PRINCIPAL--NOME PESSOAL
Nome pessoal Ribeiro, R.B.
100 1# - ENTRADA PRINCIPAL--NOME PESSOAL
Nome pessoal Matias, J.P.
245 1# - TÍTULO
Título Selectivity of chlorimuron-ethyl to castorbean crops
650 ## - ASSUNTO--TERMO TÓPICO
Cabeçalho tópico ou nome geográfico RICINUS COMMUNIS
650 ## - ASSUNTO--TERMO TÓPICO
Cabeçalho tópico ou nome geográfico MAMONA
650 ## - ASSUNTO--TERMO TÓPICO
Cabeçalho tópico ou nome geográfico INTOXICAÇÃO
650 ## - ASSUNTO--TERMO TÓPICO
Cabeçalho tópico ou nome geográfico FORMULAÇÃO
650 ## - ASSUNTO--TERMO TÓPICO
Cabeçalho tópico ou nome geográfico DOSE
650 ## - ASSUNTO--TERMO TÓPICO
Cabeçalho tópico ou nome geográfico HERBICIDA
773 0# - ENTRADA ANALÍTICA
Título Planta Daninha (Brazil)
ISSN - International Standard Serial Number ISSN 1806-9681
Partes relacionadas (2017), v. 35 p. 1-11
Número de controle do registro BR2022000985
856 40 - LOCALIZAÇÃO ELETRÔNICA E ACESSO
Uniform Resource Identifier <a href="https://www.scielo.br/j/pd/a/MSn4L7yCWNKkQwwyLxMykcP/?format=pdf<br/>lang=en">https://www.scielo.br/j/pd/a/MSn4L7yCWNKkQwwyLxMykcP/?format=pdf<br/>lang=en</a>
909 ## -
-- 202311
-- Lúcia
-- 55
-- Lúcia Elande
942 ## - ELEMENTOS DE ENTRADA ADICIONADOS (KOHA)
Fonte da classificação ou esquema de arquivamento na estante Classificação AGRIS
Ocultar no OPAC Não
Tipo de material Koha Analítica
Exemplares
Situação do descarte Fonte da classificação ou esquema de arquivamento na estante Situação física Não pode ser emprestado Biblioteca de origem Biblioteca atual Localização na estante Enumeração do periódico / cronologia Total de empréstimos Data de último acesso Número do exemplar Tipo de material Koha Fonte de aquisição
  Classificação AGRIS   Consulta local Biblioteca Nacional de Agricultura - Binagri Biblioteca Nacional de Agricultura - Binagri   (2017), v. 35 p. 1-11   29/11/2023 01 Periódicos Portaria Interministerial nº 164/94

BINAGRI

Telefone: (61)3218-2567/2388/3357/2097 - binagri@agro.gov.br

Ministério da Agricultura e Pecuária , Esplanada dos Ministérios, Bloco D, Anexo B, Brasília/DF, CEP: 70.043-900